| 000 | 00387nam a2200157Ia 4500 | ||
|---|---|---|---|
| 008 | 230312s9999||||xx |||||||||||||| ||und|| | ||
| 020 | _a81-219-2230-5 | ||
| 082 |
_a621.312134 _bSHA-W |
||
| 100 | _aSharma;R.K | ||
| 245 | 0 | _aWater Power Engineering | |
| 260 |
_bS.Chand _aIndia _c2011 |
||
| 300 | _a480 | ||
| 546 | _aEng. | ||
| 650 |
_aEngineering _vWater Power Engineering |
||
| 942 | _cBK | ||
| 999 |
_c7463 _d7463 |
||